000 00418nam a2200145Ia 4500
008 090124s9999 xx 000 0 und d
082 _b400725
245 _a सिंहासन बत्तिशी
250 _a5
260 _bभावे ह.अ.
_c1976
300 _a24
630 _a सिंहासन बत्तिशी
730 _a सिंहासन बत्तिशी
942 _cBOOK
999 _c196646
_d196646